| 000 | 00964cam a2200229 4500 | ||
|---|---|---|---|
| 001 | ABS68158 | ||
| 008 | 040820n2004 000 0 eng u | ||
| 035 | _a(Sirsi) u127125 | ||
| 100 | _aReeves, J. | ||
| 245 | 2 | _aA common endeavour | |
| 260 | _c2004 | ||
| 490 |
_aEstates Gazette _v(0432) 7 August 2004, 60-61(2) |
||
| 520 | _aHighlights the differences between the two dominant European legal systems: continental civil law derived from the law of ancient Rome and the common law of England, Wales and Northern Ireland based on custom and the binding nature of precedent. Explains the principles behind each system, style and rules. The European Court of Justice which follows civil law can impose interpretation problems for the English courts. | ||
| 590 | _aABS | ||
| 590 | _aABS | ||
| 650 | _aCOMMON LAW | ||
| 650 | _aCIVIL LAW | ||
| 650 | _aCIVIL CODE | ||
| 650 | _aEUROPEAN COURT OF JUSTICE | ||
| 690 | _aPROPERTY AND LAND LAW | ||
| 942 | _n0 | ||
| 999 |
_c117878 _d117878 |
||